000 00346 a2200157 4500
001 56507
020 _a8598457469
040 _cAnchieta - Pituba
100 _aFerrari, Andrea
240 1 0 _aO complĂ´ de las flores
_lpor
245 1 0 _aO complĂ´ de las flores
300 _a181
362 0 _a2004
650 4 _aLiteratura juvenil
942 _cBK
999 _c56507
_d56507